Представление документа в формате MARC21

ПолеНазваниеЗначение
  Тип записи a
  Библиографический уровень m
001 Контрольный номер RU\infra-m\znanium\bibl\2228682
005 Дата корректировки 20260429142110.1
008 Кодируемые данные 251003s2025 RU g rus u
020 Индекс ISBN __
a ISBN 978-5-4479-0486-9
040 Источник каталогиз. __
a Служба первич. каталог. Общество с ограниченной ответственностью «ЗНАНИУМ»
041 Код языка издания __
a Код языка текста rus
044 Код страны публикации __
a Код страны публикации RU
080 Индекс УДК __
a Индекс УДК 631
080 Индекс УДК __
a Индекс УДК 632
080 Индекс УДК __
a Индекс УДК 635
084 Индекс другой классификации/Индекс ББК __
2 Источник индекса rubbk
a Индекс другой классификации/Индекс ББК 42
084 Индекс другой классификации/Индекс ББК __
2 Источник индекса rubbk
a Индекс другой классификации/Индекс ББК 44
084 Индекс другой классификации/Индекс ББК __
2 Источник индекса okso
a Индекс другой классификации/Индекс ББК 35.04.03
084 Индекс другой классификации/Индекс ББК __
2 Источник индекса okso
a Индекс другой классификации/Индекс ББК 35.04.04
084 Индекс другой классификации/Индекс ББК __
2 Источник индекса okso
a Индекс другой классификации/Индекс ББК 35.04.06
100 Автор __
a Автор Чамурлиев О.Г.
q Полное имя Чамурлиев Омарий Георгиевич
u Дополнение Волгоградский государственный аграрный университет
245 Заглавие __
a Заглавие Технология полосового опрыскивания при возделывании картофеля
b Продолж. заглавия Практическое пособие
c Ответственность Волгоградский государственный аграрный университет
250 Сведения об издании __
a Основные сведения об издании 1
260 Выходные данные __
a Место издания Волгоград
b Издательство ФГБОУ ВПО Волгоградский государственный аграрный университет
c Дата издания 2025
300 Физическое описание __
a Объем 56 с.
520 Аннотация __
a Аннотация Представлены особенности и конкурентные преимущества ресурсосберегающей технологии полосового опрыскивания для посадок картофеля. Рассмотрены технологические особенности техпроцесса опрыскивания по полосовой технологии с боковым распылом рабочей жидкости и их влияние на повышение качественных показателей опрыскивания на операциях ухода за культурными растениями и сокращение погектарной нормы внесения рабочего раствора. Даны рекомендации по модернизации настройке и эксплуатации модернизированного под новую технологию штангового опрыскивания. Для инженеров агрономов руководителей хозяйств всех форм собственности ориентированных на производство пропашных овощных культур в частности картофеля; начальников производственных участков. Для магистров и аспирантов аграрных вузов.
521 Примеч. о цел. назн. __
a Примеч. о целев. назн. ВО - Магистратура
650 Тематические рубрики __
a Основная рубрика Сельское хозяйство
x Основная подрубрика Защита сельскохозяйственных растений и лесных культур
655 Указ. предметных рубрик (устаревшее) __
a Жанр/ форма (устаревшее) Практическое пособие
700 Другие авторы __
a Другие авторы Борисенко И.Б.
q Полное имя Борисенко Иван Борисович
u Дополнение Волгоградский государственный аграрный университет
700 Другие авторы __
a Другие авторы Мезникова М.В.
q Полное имя Мезникова Марина Викторовна
u Дополнение Волгоградский государственный аграрный университет
700 Другие авторы __
a Другие авторы Скрипкин Д.В.
q Полное имя Скрипкин Дмитрий Владимирович
u Дополнение Волгоградский государственный аграрный университет
856 Электронный адрес документа 4_
a Имя сервера/домена znanium.ru
m Помощь ebs_support@infra-m.ru
n Местонахождение сервера НИЦ ИНФРА-М
u URL https://znanium.ru/catalog/document?id=470911
856 Электронный адрес документа 48
a Имя сервера/домена znanium.ru
d Путь /cover/2228
f Электронное имя 2228682.jpg
q Тип электронного формата image/jpeg
u URL https://znanium.ru/cover/2228/2228682.jpg
911 __
u 0030=https://znanium.ru/catalog/document?id=470911